000 02315nam0a2200349 4500
001 RU\NLR\BIBL_A\012600427
005 20260409075553.0
010 _a9785604455395
_9100
021 _aRU
_b2021-34390
_9КН-П-2686
035 _a(NLR Aleph) 012600427
090 _a12580422
_c12580422
100 _a20210923d2020 k y0rusy50 ca
101 0 _arus
102 _aRU
105 _aa|||z|||100zy
181 0 _ai3
_baxxe
182 0 _an
200 1 _aДуховность и нравственность в образовательном пространстве: историческая память и самосознание народа
_eматериалы Всероссийской научной конференции IX Сильвестровские педагогические чтения, 26 марта 2020 года
_fМинистерство образования и науки РФ, Филиал ФГБОУ ВО "Омский государственный педагогический университет" в г. Таре [и др.]
_gответственный редактор: О. Р. Каюмов, д.ф.-м.н., доцент
203 _aТекст
_bвизуальный
_cнепосредственный
210 _aТара
_aОмск
_cАмфора
_d2020
215 _a209, [1] с.
_cтабл.
_d21
320 _aБиблиогр. в конце ст.
606 _aУчащиеся
_xДуховно-нравственное воспитание
_jСъезды, совещания и т.п
_3RU\NLR\AUTH\661472162
_92479757
686 1 _aЧ313.52я431
702 1 _4340
_aКаюмов
_bО. Р.
_cд-р физ.-мат. наук, математика, экономика
_gОлег Рашидович
_9153389
_3RU\NLR\AUTH\770153427
711 1 2 _aСильвестровские педагогические чтения
_d9
_eТара
_f2020
_9770027
_3RU\NLR\AUTH\880551927
712 0 2 _4570
_aОмский государственный педагогический университет
_bТарский филиал
_3RU\NLR\AUTH\8810055371
_9611303
942 _cBOOK
980 _aNBR